[Event "Offene Hessische Senioren Einzelmeisters"]
[Site "Bad Sooden- Allendorf"]
[Date "2013.04.23"]
[Round "4.70"]
[White "Paulsen, Eckart"]
[Black "Rother, Wilfried"]
[Result "1-0"]
[WhiteElo "1696"]
[BlackElo "1545"]
[PlyCount "108"]
[EventDate "2013.??.??"]
[WhiteTeam "Post SV Neustadt"]
[BlackTeam "SK 1950 Vellmar"]

1. d4 Nf6 2. Nf3 d6 3. Bf4 Bg4 4. Nbd2 c6 5. c3 Nbd7 6. h3 Bf5 7. e3 e6 8. Be2
Be7 9. O-O O-O 10. Qb3 Qb6 11. Nh4 d5 12. Nxf5 exf5 13. f3 Nh5 14. Bh2 Bh4 15.
f4 Ng3 16. Bxg3 Bxg3 17. Nf3 Rae8 18. Ne5 Qc7 19. Rf3 Bh4 20. g3 Be7 21. Bd3 g6
22. g4 fxg4 23. hxg4 Nf6 24. Qc2 Bd6 25. Qg2 Ne4 26. Bxe4 dxe4 27. Rh3 f6 28.
Nc4 Rf7 29. Nd2 Qe7 30. Rf1 Rg7 31. Rf2 Qe6 32. a3 b5 33. Kh1 a5 34. b4 a4 35.
f5 gxf5 36. Rxf5 Qxf5 37. gxf5 Rxg2 38. Kxg2 Re7 39. Kf2 Kh8 40. Rh4 Bc7 41.
Nxe4 Rf7 42. Kf3 Bd8 43. Nc5 Be7 44. Ne6 Bd6 45. Nd8 Rg7 46. Rg4 h5 47. Rxg7
Kxg7 48. Nxc6 Kh6 49. Nd8 Bc7 50. Ne6 Bd6 51. e4 Bb8 52. d5 Be5 53. Nd4 Kg5 54.
Nc6 h4 1-0

[Event "Offene Hessische Senioren Einzelmeisters"]
[Site "Bad Sooden- Allendorf"]
[Date "2013.04.23"]
[Round "4.71"]
[White "Burkardt, Robert"]
[Black "Mayeres, Hans-Christian"]
[Result "0-1"]
[WhiteElo "1507"]
[BlackElo "1690"]
[PlyCount "66"]
[EventDate "2013.??.??"]
[WhiteTeam "SV 1926 Fechenheim"]
[BlackTeam "SK Recklinghausen Altsta"]

1. e4 g6 2. Nf3 Bg7 3. Bc4 Nf6 4. d3 d6 5. h3 O-O 6. c3 Nc6 7. a3 e5 8. Bg5 h6
9. Bh4 Qe8 10. O-O Be6 11. Bb5 a6 12. Ba4 b5 13. Bc2 Nd7 14. Nh2 f5 15. exf5
gxf5 16. f4 Ne7 17. fxe5 dxe5 18. Bxe7 Qxe7 19. Nd2 Kh8 20. Bb3 Rg8 21. Bxe6
Qxe6 22. Qf3 Raf8 23. Rf2 Nc5 24. Rd1 e4 25. dxe4 fxe4 26. Qe3 Rxf2 27. Kxf2
Nd3+ 28. Ke2 Nxb2 29. Rb1 Nc4 30. Qxe4 Re8 31. Qxe6 Rxe6+ 32. Kd1 Rd6 33. Nhf1
Bxc3 0-1

[Event "Offene Hessische Senioren Einzelmeisters"]
[Site "Bad Sooden- Allendorf"]
[Date "2013.04.23"]
[Round "4.72"]
[White "Strozewski, Günter"]
[Black "Hartlaub, Marianne"]
[Result "1-0"]
[WhiteElo "1604"]
[BlackElo "1388"]
[Annotator ",Microsoft"]
[PlyCount "39"]
[EventDate "2013.??.??"]
[WhiteTeam "SV Erkenschwick 1923 e"]
[BlackTeam "SK 1982 Klingenberg/Main"]

1. e4 d6 2. c3 e5 3. Nf3 Bg4 4. h3 Bxf3 5. Qxf3 Nf6 6. Bc4 Nbd7 7. d4 Be7 8.
O-O a6 9. Nd2 b5 10. Bd3 c5 11. dxc5 dxc5 12. Be2 c4 13. Qg3 g6 14. b3 Rc8 15.
bxc4 bxc4 16. Re1 Rb8 17. Bxc4 Nh5 18. Qf3 Nc5 19. Nb3 a5 20. Bh6 {fehlende
Notation} 1-0

[Event "Offene Hessische Senioren Einzelmeisters"]
[Site "Bad Sooden- Allendorf"]
[Date "2013.04.23"]
[Round "4.73"]
[White "Graffenberger, Wilhelm"]
[Black "Smits, Oswald"]
[Result "0-1"]
[WhiteElo "1515"]
[BlackElo "1678"]
[PlyCount "112"]
[EventDate "2013.??.??"]
[WhiteTeam "Hamburger SK von 1830 eV"]
[BlackTeam "Sfr. Taunus Königstein/Schwalbac"]

1. Nf3 d5 2. d4 c6 3. e3 Nf6 4. Bd3 Bg4 5. Nbd2 Nbd7 6. h3 Bh5 7. e4 dxe4 8.
Nxe4 Nxe4 9. Bxe4 Nf6 10. g4 Nxe4 11. gxh5 Qd5 12. O-O Qxh5 13. Ng5 Qxd1 14.
Rxd1 Nxg5 15. Bxg5 e6 16. Bh4 Be7 17. Bg3 Rd8 18. c4 O-O 19. Rd3 Rd7 20. Rad1
Rfd8 21. Bf4 b6 22. Be3 Bf6 23. b3 e5 24. d5 cxd5 25. Rxd5 Rxd5 26. cxd5 Be7
27. Kf1 Ba3 28. Ke2 Kf8 29. Kf3 Ke7 30. Ke4 Bd6 31. Rg1 Kf8 32. Rc1 f6 33. h4
g6 34. Rd1 f5+ 35. Kf3 Rc8 36. Bh6+ Kf7 37. Ke2 Rc2+ 38. Rd2 Rxd2+ 39. Kxd2
Bb4+ 40. Ke2 Ke7 41. Kd3 Bc5 42. f3 Bf2 43. Bg5+ Kd6 44. Kc4 a6 45. a4 b5+ 46.
axb5 axb5+ 47. Kxb5 Kxd5 48. b4 e4 49. fxe4+ fxe4 50. Ka6 e3 51. b5 e2 52. Bd2
e1=Q 53. Bxe1 Bxe1 54. b6 Bg3 55. Ka7 Ke6 56. h5 g5 0-1

[Event "Offene Hessische Senioren Einzelmeisters"]
[Site "Bad Sooden- Allendorf"]
[Date "2013.04.23"]
[Round "4.74"]
[White "Becker, Günter"]
[Black "Fuchs, Manfred"]
[Result "1-0"]
[WhiteElo "1674"]
[BlackElo "1523"]
[PlyCount "49"]
[EventDate "2013.??.??"]
[WhiteTeam "SC Steinbach"]
[BlackTeam "SC Erkrath 1973"]

1. c4 c5 2. g3 Nc6 3. Bg2 g6 4. Nc3 Bg7 5. e4 d6 6. Nge2 Nf6 7. O-O O-O 8. d3
Rb8 9. h3 a6 10. a4 Bd7 11. Be3 Qc8 12. Kh2 Nd8 13. Qd2 Bc6 14. f4 e6 15. d4
cxd4 16. Bxd4 Nd7 17. Bxg7 Kxg7 18. Qxd6 b5 19. axb5 axb5 20. cxb5 Bxb5 21.
Nxb5 Rxb5 22. Rad1 Nb8 23. Rc1 Ndc6 24. Qd3 Rd8 25. Qxb5 1-0

[Event "Offene Hessische Senioren Einzelmeisters"]
[Site "Bad Sooden- Allendorf"]
[Date "2013.04.23"]
[Round "4.75"]
[White "Husser, Oskar"]
[Black "Otto, Klaus"]
[Result "1/2-1/2"]
[WhiteElo "1664"]
[BlackElo "1520"]
[PlyCount "40"]
[EventDate "2013.??.??"]
[WhiteTeam "SC Caissa Falkensee e.V."]
[BlackTeam "Thüringer SV Triebes"]

1. Nf3 Nf6 2. c4 c5 3. Nc3 Nc6 4. g3 g6 5. Bg2 Bg7 6. O-O O-O 7. d3 Rb8 8. Bf4
d6 9. Qc1 e5 10. Bh6 Re8 11. e4 Ng4 12. Bg5 Nf6 13. Nd5 Be6 14. a3 Bxd5 15.
cxd5 Nd4 16. Nxd4 cxd4 17. Bh3 Qb6 18. f4 h6 19. Bh4 Nh7 20. Rf2 f6 1/2-1/2

[Event "Offene Hessische Senioren Einzelmeisters"]
[Site "Bad Sooden- Allendorf"]
[Date "2013.04.23"]
[Round "4.76"]
[White "Aepfler, Gerhard"]
[Black "Hespers, Rolf"]
[Result "1/2-1/2"]
[WhiteElo "1657"]
[BlackElo "1516"]
[PlyCount "27"]
[EventDate "2013.??.??"]
[WhiteTeam "TSG Apolda"]
[BlackTeam "TuS Osterburg Weida"]

1. e4 c5 2. Nf3 Nc6 3. d4 cxd4 4. Nxd4 e5 5. Nxc6 dxc6 6. Qxd8+ Kxd8 7. Bc4 f6
8. Bxg8 Rxg8 9. O-O Bc5 10. Nc3 a6 11. Na4 Ba7 12. Be3 Bxe3 13. fxe3 Kc7 14. c4
1/2-1/2

[Event "Offene Hessische Senioren Einzelmeisters"]
[Site "Bad Sooden- Allendorf"]
[Date "2013.04.23"]
[Round "4.77"]
[White "Brandt, Fred"]
[Black "Minarsch, Hans"]
[Result "1-0"]
[WhiteElo "1652"]
[BlackElo "1512"]
[PlyCount "102"]
[EventDate "2013.??.??"]
[WhiteTeam "SV Königsjäger Süd-West e.V."]
[BlackTeam "1.Hainstädter SC 1950"]

1. d4 Nf6 2. Nf3 e6 3. e3 b6 4. Bd3 Bb7 5. Nbd2 d5 6. O-O Bd6 7. b3 Nbd7 8. Bb2
O-O 9. Rc1 Re8 10. c4 c5 11. dxc5 Nxc5 12. Bb1 Nfe4 13. Nxe4 Nxe4 14. g3 Ng5
15. cxd5 Bxd5 16. Nxg5 Qxg5 17. Qd3 f5 18. Qe2 Rad8 19. f4 Qe7 20. Rfd1 Ba8 21.
h3 Qb7 22. Kh2 Qf7 23. Bd3 h6 24. Bd4 Kh7 25. Rg1 e5 26. Bc4 Qe7 27. fxe5 Bxe5
28. Bxe5 Qxe5 29. Rge1 Rd6 30. Rcd1 Rg6 31. Qf2 Be4 32. Bf7 Re7 33. Bxg6+ Kxg6
34. Rd2 Rc7 35. Red1 Rc3 36. Qf4 Qc5 37. Qd6+ Qxd6 38. Rxd6+ Kg5 39. R6d2 Rxe3
40. Rf1 h5 41. h4+ Kf6 42. Rfd1 g5 43. Rd6+ Ke5 44. hxg5 f4 45. gxf4+ Kxf4 46.
g6 Rg3 47. Rf1+ Kg4 48. Rg1 h4 49. Rxg3+ hxg3+ 50. Kg1 Kf3 51. g7 Bh7 1-0

[Event "Offene Hessische Senioren Einzelmeisters"]
[Site "Bad Sooden- Allendorf"]
[Date "2013.04.23"]
[Round "4.78"]
[White "Klüver, Horst"]
[Black "Neumann, Dr. Peter"]
[Result "1-0"]
[WhiteElo "1644"]
[BlackElo "1478"]
[Annotator ",Microsoft"]
[PlyCount "119"]
[EventDate "2013.??.??"]
[WhiteTeam "SV Merkur Hademarschen"]
[BlackTeam "SF Ostsee Warnemünde"]

1. e4 c5 2. Nf3 Nc6 3. d4 cxd4 4. Nxd4 Nf6 5. Nxc6 bxc6 6. Bd3 d6 7. O-O g6 8.
Qe2 Bg7 9. Nc3 O-O 10. Kh1 Qc7 11. h3 e5 12. f4 exf4 13. Bxf4 Nd7 14. Bd2 Ne5
15. Rac1 Be6 16. b3 Rae8 17. Na4 Qe7 18. Qf2 f5 19. Qe1 fxe4 20. Rxf8+ Rxf8 21.
Bxe4 Qd7 22. Qe3 c5 23. c4 Nf7 24. Rd1 Bd4 25. Qg3 Be5 26. Bf4 Bxf4 27. Qxf4
Ne5 28. Qg3 Qe7 29. Nc3 Rf7 30. Nd5 Qf8 31. Ne3 Rf2 32. Rxd6 Qxd6 33. Qxf2 Qd4
34. Bc2 Bf7 35. a4 Nc6 36. Qe2 Qe5 37. Qd2 Nd4 38. Bd1 Qf4 39. Qe1 Qe4 $11 40.
Qg3 Kg7 41. Ng4 Qf5 42. Qe5+ Qxe5 43. Nxe5 Be6 44. Nd3 Bf5 45. Nxc5 Kf6 46. b4
Ke5 47. a5 Nc6 48. g4 Be4+ 49. Nxe4 Kxe4 50. b5 Nxa5 51. c5 Kd5 52. c6 Kd6 53.
g5 Nc4 54. Bb3 Ne5 55. Kg2 Nxc6 56. bxc6 Kxc6 57. Bg8 a5 58. Bxh7 a4 59. Bxg6
a3 60. Bf7 1-0

[Event "Offene Hessische Senioren Einzelmeisters"]
[Site "Bad Sooden- Allendorf"]
[Date "2013.04.23"]
[Round "4.79"]
[White "Baier, Peter"]
[Black "Fromme, Werner"]
[Result "1/2-1/2"]
[WhiteElo "1479"]
[BlackElo "1643"]
[PlyCount "43"]
[EventDate "2013.??.??"]
[WhiteTeam "TTC Blau-Weiß Geldern Veert e.V."]
[BlackTeam "SG Witten"]

1. Nf3 d5 2. d4 c6 3. Bf4 Nf6 4. h3 Bf5 5. Nbd2 h6 6. e3 e6 7. Be2 Nbd7 8. a3
c5 9. Bd3 Ne4 10. O-O c4 11. Bxe4 Bxe4 12. Nxe4 dxe4 13. Nd2 Nb6 14. Nxe4 Be7
15. Qf3 Qd5 16. Rfd1 Rc8 17. Nd2 Qxf3 18. Nxf3 f6 19. c3 Kf7 20. Nd2 Rhd8 21.
Rab1 Na4 22. Rdc1 1/2-1/2

[Event "Offene Hessische Senioren Einzelmeisters"]
[Site "Bad Sooden- Allendorf"]
[Date "2013.04.23"]
[Round "4.80"]
[White "Berger, Eduard"]
[Black "Knaak, Hans"]
[Result "1-0"]
[WhiteElo "1637"]
[BlackElo "1463"]
[PlyCount "34"]
[EventDate "2013.??.??"]
[WhiteTeam "SK Stadtallendorf"]
[BlackTeam "Forster SC 95"]

1. e4 c5 2. Nf3 d6 3. d4 cxd4 4. Nxd4 Nf6 5. Nc3 a6 6. Bg5 e6 7. Qd2 Be7 8.
O-O-O O-O 9. f4 Qc7 10. Be2 b5 11. Bf3 Bb7 12. e5 b4 13. Bxb7 bxc3 14. Qxc3
Qxb7 15. exf6 gxf6 16. Bh6 Kh8 17. Bxf8 Bxf8 1-0

[Event "Offene Hessische Senioren Einzelmeisters"]
[Site "Bad Sooden- Allendorf"]
[Date "2013.04.23"]
[Round "4.81"]
[White "Vladov, Mark"]
[Black "Stratmann, Alois"]
[Result "1/2-1/2"]
[WhiteElo "1615"]
[BlackElo "1366"]
[PlyCount "56"]
[EventDate "2013.??.??"]
[WhiteTeam "SF Ostsee Warnemünde"]
[BlackTeam "SV Ahlen 1954 e.V."]

1. e4 e6 2. d4 d5 3. Nc3 Nf6 4. e5 Nfd7 5. f4 c5 6. Nf3 b6 7. Be3 Nc6 8. Be2
Ne7 9. O-O Nf5 10. Bf2 Be7 11. Bb5 Nxd4 12. Nxd4 cxd4 13. Bxd4 O-O 14. Qh5 Nc5
15. Rad1 a6 16. Be2 Nd7 17. Rf3 Bc5 18. Rh3 Bxd4+ 19. Rxd4 h6 20. Rdd3 f6 21.
Qg6 Qe8 22. Qg3 fxe5 23. fxe5 Qf7 24. Rf3 Qe7 25. Rxh6 Rxf3 26. Bxf3 Nxe5 27.
Kh1 Nxf3 28. gxf3 Bb7 1/2-1/2

[Event "Offene Hessische Senioren Einzelmeisters"]
[Site "Bad Sooden- Allendorf"]
[Date "2013.04.23"]
[Round "4.82"]
[White "Hopp, Dr. Barbara"]
[Black "Fritsch, Wolfgang"]
[Result "0-1"]
[WhiteElo "1464"]
[BlackElo "1613"]
[Annotator ",Microsoft"]
[PlyCount "116"]
[EventDate "2013.??.??"]
[WhiteTeam "SV Oberursel"]
[BlackTeam "SV Empor Bad Langensalza"]

1. d4 d5 2. e4 dxe4 3. Nc3 Nf6 4. f3 Bf5 5. fxe4 Nxe4 6. Qf3 Nd6 7. Bf4 Bc8 8.
O-O-O Nd7 9. Bd3 Nf6 10. h3 c6 11. g4 g6 12. Nge2 Be6 13. Ng3 Qd7 14. Rde1 Nd5
15. Be4 Nxc3 16. Qxc3 Nxe4 17. Nxe4 Bg7 18. Be5 Bxe5 19. dxe5 b6 20. Rhf1 O-O
21. Ng5 $11 Qd5 22. b3 h6 23. Nf3 c5 24. Qe3 Kg7 25. Rd1 Qb7 26. c4 Rfd8 27.
Qe2 Qc7 28. Rxd8 Rxd8 29. Rd1 Rxd1+ 30. Qxd1 Qc6 31. Qd3 Qc7 32. Qe3 Qd7 33.
Qd2 Qb7 34. Qd3 Bd7 35. Qe3 Bc6 36. Nd2 Qa6 37. a4 Qc8 38. Kb2 Qe6 39. Ka3 Kh7
40. Qf4 Kg7 41. h4 Bd7 42. g5 hxg5 43. hxg5 Qf5 44. Qxf5 gxf5 45. Nf3 Kg6 46.
b4 Bc6 47. Ne1 cxb4+ 48. Kxb4 a5+ 49. Kb3 Kxg5 50. Nd3 f4 51. Nf2 Kf5 52. Nd3
Ke4 53. Kc3 f3 54. Kd2 Bxa4 55. e6 fxe6 56. Nb2 Bc6 57. Nd1 Kd4 58. Ne3 a4 0-1

[Event "Offene Hessische Senioren Einzelmeisters"]
[Site "Bad Sooden- Allendorf"]
[Date "2013.04.23"]
[Round "4.83"]
[White "Ludwig, Richard"]
[Black "Van Houten, Henk"]
[Result "1-0"]
[WhiteElo "1451"]
[BlackElo "1609"]
[Annotator ",Microsoft"]
[PlyCount "59"]
[EventDate "2013.??.??"]
[WhiteTeam "SV Irxleben von 1919"]
[BlackTeam "SC Gronau 1920 e.V."]

1. e4 g6 2. d4 Bg7 3. Nf3 d6 4. Bd3 Nd7 5. O-O e5 6. c3 h6 7. Re1 Ne7 8. Bc4
Nb6 9. Bb3 O-O 10. Be3 Kh7 11. h3 Be6 12. d5 Bd7 13. c4 c5 14. Qe2 f5 15. Bc2
f4 16. Bd2 Ng8 17. Ba5 Qf6 18. Nbd2 Nc8 19. Nf1 h5 20. N3h2 Nh6 21. Bd2 Ne7 22.
Kh1 Neg8 23. Rab1 Qe7 24. b4 b6 25. bxc5 bxc5 26. Rb7 Rfb8 27. Reb1 Rxb7 28.
Rxb7 Qd8 29. Qd3 Bc8 30. Rb2 {Rest nicht zu rekonstruieren} 1-0

[Event "Offene Hessische Senioren Einzelmeisters"]
[Site "Bad Sooden- Allendorf"]
[Date "2013.04.23"]
[Round "4.84"]
[White "Schumacher, Ursula"]
[Black "Roth, Reinhard"]
[Result "0-1"]
[WhiteElo "1383"]
[BlackElo "1604"]
[PlyCount "70"]
[EventDate "2013.??.??"]
[WhiteTeam "HTC Bad Neuenahr"]
[BlackTeam "Sfr. Taunus Königstein/Schwalbac"]

1. c4 e5 2. Nc3 Nf6 3. e4 Bc5 4. g3 d6 5. Nge2 Bg4 6. Bg2 Nc6 7. a3 a6 8. O-O
Nd4 9. d3 Qd7 10. Be3 c6 11. Bxd4 Bxd4 12. Qd2 Ba7 13. d4 Qc7 14. f3 Be6 15. b3
Qb6 16. Kh1 exd4 17. Na2 c5 18. Rab1 Qc7 19. Nac1 h6 20. Nd3 Qd7 21. Rfe1 b5
22. Rec1 Rb8 23. Nb2 Nh7 24. Qd3 O-O 25. Nf4 Ng5 26. h4 Nh7 27. Kh2 Rb6 28. Nd5
Bxd5 29. exd5 Qb7 30. Bf1 Rb8 31. g4 Qe7 32. Re1 Qxh4+ 33. Kg2 Ng5 34. Re7 Nh3
35. Qe2 Nf4+ 0-1

[Event "Offene Hessische Senioren Einzelmeisters"]
[Site "Bad Sooden- Allendorf"]
[Date "2013.04.23"]
[Round "4.85"]
[White "Janzen, Christian"]
[Black "Winkler, Werner"]
[Result "1-0"]
[WhiteElo "1597"]
[BlackElo "1351"]
[PlyCount "35"]
[EventDate "2013.??.??"]
[WhiteTeam "TSV Marienfelde 1890 e.V."]
[BlackTeam "SK Bad Sooden-Allendorf"]

1. e4 e5 2. Nf3 d6 3. d4 Bg4 4. dxe5 Bxf3 5. gxf3 Qe7 6. exd6 Qxd6 7. Qxd6 Bxd6
8. Nc3 Bb4 9. Bd2 Bxc3 10. Bxc3 f6 11. Rg1 g6 12. Bc4 Nd7 13. O-O-O O-O-O 14.
Be6 h6 15. Rxg6 Ne7 16. Rxf6 Rh7 17. Rxd7 Rxd7 18. Rf8# 1-0

[Event "Offene Hessische Senioren Einzelmeisters"]
[Site "Bad Sooden- Allendorf"]
[Date "2013.04.23"]
[Round "4.86"]
[White "Tomas, Johann"]
[Black "Borkenhagen, Bernd"]
[Result "1-0"]
[WhiteElo "1590"]
[BlackElo "1340"]
[Annotator ",Microsoft"]
[PlyCount "34"]
[EventDate "2013.??.??"]
[WhiteTeam "SK Bad Sooden-Allendorf"]
[BlackTeam "SK Rinteln"]

1. d4 d5 2. Nc3 e6 3. Nf3 Bd6 4. e3 Nd7 5. Bd3 Ngf6 6. Qe2 h6 7. Nd2 c6 8. Nf1
O-O 9. Ng3 Re8 10. Bd2 a6 11. O-O Bc7 12. Rfe1 Bxg3 13. fxg3 Qc7 14. e4 dxe4
15. Bxe4 Nxe4 16. Qxe4 Nf6 17. Qh4 Qe7 {Rest nicht zu rekonstruieren} 1-0

[Event "Offene Hessische Senioren Einzelmeisters"]
[Site "Bad Sooden- Allendorf"]
[Date "2013.04.23"]
[Round "4.87"]
[White "Kluge, Hans C"]
[Black "Hampe, Werner"]
[Result "1/2-1/2"]
[WhiteElo "1371"]
[BlackElo "1587"]
[PlyCount "42"]
[EventDate "2013.??.??"]
[WhiteTeam "Bahn-SC Wuppertal"]
[BlackTeam "SK Lister Turm"]

1. d4 Nf6 2. Nf3 d5 3. e3 Nbd7 4. Bd3 g6 5. Nbd2 Bg7 6. O-O O-O 7. Re1 c5 8. c3
b6 9. e4 dxe4 10. Nxe4 Bb7 11. Bg5 Nxe4 12. Bxe4 Bxe4 13. Rxe4 Nf6 14. Re2 h6
15. Be3 cxd4 16. Bxd4 Re8 17. Qc2 e6 18. Rd1 Qc8 19. Red2 Qa6 20. a3 Rad8 21.
h3 Qb7 1/2-1/2

[Event "Offene Hessische Senioren Einzelmeisters"]
[Site "Bad Sooden- Allendorf"]
[Date "2013.04.23"]
[Round "4.88"]
[White "Rollwitz, Inge"]
[Black "Schmieder, Wolfgang"]
[Result "1/2-1/2"]
[WhiteElo "1231"]
[BlackElo "1586"]
[PlyCount "39"]
[EventDate "2013.??.??"]
[WhiteTeam "SG Wedding e.V."]
[BlackTeam "Kasseler SK 1876"]

1. d4 Nf6 2. g3 g6 3. Bg2 Bg7 4. c4 O-O 5. Nc3 Re8 6. e3 c6 7. Nge2 d5 8. c5 e5
9. O-O Nbd7 10. b4 h6 11. Rb1 b5 12. a4 a6 13. a5 Kh7 14. f3 Ng8 15. f4 e4 16.
Kh1 f5 17. Ng1 Ndf6 18. h3 Be6 19. Bd2 Ra7 20. Be1 1/2-1/2

[Event "Offene Hessische Senioren Einzelmeisters"]
[Site "Bad Sooden- Allendorf"]
[Date "2013.04.23"]
[Round "4.89"]
[White "Marinoni, Rainer"]
[Black "Zoll, Theo"]
[Result "1-0"]
[WhiteElo "1146"]
[BlackElo "1582"]
[Annotator ",Microsoft"]
[PlyCount "64"]
[EventDate "2013.??.??"]
[WhiteTeam "SC Eschwege"]
[BlackTeam "ESV Rot-Weiß Göttingen"]

1. e4 c5 2. Nc3 Nc6 3. f4 d6 4. Nf3 a6 5. Be2 e6 6. O-O Nf6 7. d3 Be7 8. b3 b5
9. Bb2 O-O 10. Qe1 Qc7 11. Nd2 Nd4 12. Rc1 Rd8 13. Bf3 Nd7 14. Ne2 Nxf3+ 15.
Nxf3 e5 16. Qg3 Bf6 17. Nh4 exf4 18. Qxf4 Ne5 19. Kh1 Nxd3 20. cxd3 Bxb2 21.
Rc2 Be5 22. Qf3 g6 23. Nf4 Bb7 24. Rcf2 g5 25. Nh5 Rf8 26. Nf6+ Bxf6 27. Qg3
Kh8 28. Nf5 Rae8 29. Nh6 Bg7 30. Nf5 h6 31. h4 Be5 32. Qg4 Re6 {Rest nicht zu
rekonstruieren} 1-0

[Event "Offene Hessische Senioren Einzelmeisters"]
[Site "Bad Sooden- Allendorf"]
[Date "2013.04.23"]
[Round "4.90"]
[White "Bomert, Egon"]
[Black "Wieprecht, Gerhard"]
[Result "1-0"]
[WhiteElo "1862"]
[BlackElo "1639"]
[PlyCount "68"]
[EventDate "2013.??.??"]
[WhiteTeam "SK Bad Sooden-Allendorf"]
[BlackTeam "SV CAISSA e. V. Kassel"]

1. d4 Nf6 2. c4 e6 3. a3 d5 4. e3 c6 5. Nf3 Nbd7 6. Nc3 Bd6 7. c5 Bc7 8. b4 e5
9. Be2 O-O 10. O-O e4 11. Ne1 Re8 12. f3 exf3 13. Bxf3 Nf8 14. Nd3 Ng6 15. g3
Bh3 16. Re1 Ne4 17. Bxe4 dxe4 18. Nf2 Bf5 19. Qh5 Qf6 20. Rf1 Nf8 21. Nfxe4 Qg6
22. Qxf5 Rad8 23. Qxg6 hxg6 24. Ng5 f6 25. Nf3 g5 26. Bd2 Ne6 27. b5 g4 28. Nh4
Ng5 29. Kg2 Ba5 30. Rab1 cxb5 31. Ne4 Nf3 32. Nxf3 gxf3+ 33. Kxf3 Rxe4 34. Bxa5
Rde8 1-0

[Event "Offene Hessische Senioren Einzelmeisters"]
[Site "Bad Sooden- Allendorf"]
[Date "2013.04.23"]
[Round "4.91"]
[White "Bartels, Lothar"]
[Black "Lübbers, Dr. Doris"]
[Result "1/2-1/2"]
[WhiteElo "1568"]
[BlackElo "1335"]
[PlyCount "36"]
[EventDate "2013.??.??"]
[WhiteTeam "SG Lasker Steglitz-Wilmersdorf"]
[BlackTeam "Sfr. Taunus Königstein/Schwalbac"]

1. Nf3 d5 2. d4 Nf6 3. Nbd2 e6 4. c4 b6 5. cxd5 exd5 6. g3 Bb7 7. Bg2 Bd6 8. a3
O-O 9. O-O c5 10. b3 Nc6 11. Bb2 Re8 12. Re1 Rc8 13. Rc1 Ne4 14. e3 cxd4 15.
Nxd4 Nxd4 16. exd4 Rxc1 17. Qxc1 Nxd2 18. Qxd2 Re7 1/2-1/2

[Event "Offene Hessische Senioren Einzelmeisters"]
[Site "Bad Sooden- Allendorf"]
[Date "2013.04.23"]
[Round "4.92"]
[White "Jung, Prof. Michael"]
[Black "Henniges, Erhard"]
[Result "1-0"]
[WhiteElo "1669"]
[BlackElo "1304"]
[PlyCount "85"]
[EventDate "2013.??.??"]
[WhiteTeam "SV Osnabrück"]
[BlackTeam "SV Rochade Magdeburg 96"]

1. c4 e5 2. e4 Nf6 3. d3 Be7 4. Nc3 Nc6 5. g3 O-O 6. Bg2 h6 7. Nge2 Bc5 8. O-O
d6 9. h3 Nd4 10. Be3 Nxe2+ 11. Qxe2 c6 12. a3 Be6 13. b4 Bxe3 14. Qxe3 Qd7 15.
Kh2 Ne8 16. f4 f5 17. Ra2 fxe4 18. Nxe4 b6 19. Raf2 d5 20. cxd5 cxd5 21. Nd2
exf4 22. Rxf4 Nd6 23. Qe5 Nf7 24. Qd4 Rac8 25. Nf3 Qd6 26. Nh4 Qe5 27. Qf2 Qd6
28. Ng6 Rfe8 29. Rxf7 Bxf7 30. Qxf7+ Kh7 31. Nf4 Rf8 32. Qxd5 Qxd5 33. Bxd5
Rc2+ 34. Kg1 g5 35. Be4+ Kg8 36. Nd5 Kg7 37. Ne3 Ra2 38. Nf5+ Kh8 39. g4 Rc8
40. Nxh6 Rc7 41. Nf7+ Kg7 42. Nxg5 Rcc2 43. Ne6+ 1-0

[Event "Offene Hessische Senioren Einzelmeisters"]
[Site "Bad Sooden- Allendorf"]
[Date "2013.04.23"]
[Round "4.93"]
[White "Kleist, Werner"]
[Black "Schneider, Hans"]
[Result "1/2-1/2"]
[WhiteElo "1900"]
[BlackElo "1491"]
[PlyCount "63"]
[EventDate "2013.??.??"]
[WhiteTeam "Berlin"]
[BlackTeam "SV Schwarz-Weiß Oberha"]

1. b4 d5 2. Bb2 Nf6 3. b5 a6 4. a4 Bd7 5. e3 axb5 6. axb5 Rxa1 7. Bxa1 c6 8. c4
dxc4 9. Bxc4 cxb5 10. Bb3 Bc6 11. Nf3 Nbd7 12. O-O Nc5 13. Ne5 Nxb3 14. Qxb3 e6
15. d4 Qd5 16. Qxd5 exd5 17. Rc1 Bd6 18. Nxc6 bxc6 19. Rxc6 Kd7 20. Rc1 Rc8 21.
Rxc8 Kxc8 22. Nd2 Kb7 23. f3 b4 24. g3 Kc6 25. e4 dxe4 26. fxe4 Bf8 27. d5+
Nxd5 28. exd5+ Kxd5 29. Kf1 f6 30. Ke2 h5 31. Kd3 Bd6 32. Nf1 1/2-1/2

[Event "Offene Hessische Senioren Einzelmeisters"]
[Site "Bad Sooden- Allendorf"]
[Date "2013.04.23"]
[Round "4.94"]
[White "Lübbecke, Gerd"]
[Black "Richter, Stefan"]
[Result "1/2-1/2"]
[WhiteElo "1478"]
[BlackElo "1556"]
[PlyCount "87"]
[EventDate "2013.??.??"]
[WhiteTeam "SC Friedrichsthal"]
[BlackTeam "SV Empor West Zwickau"]

1. e4 c5 2. Nc3 e6 3. f4 b6 4. Nf3 Bb7 5. a3 Nc6 6. Bc4 a6 7. d3 Bd6 8. O-O
Nge7 9. Qe1 Bc7 10. Bd2 b5 11. Ba2 b4 12. axb4 Nxb4 13. Bb3 Bb6 14. Kh1 Nec6
15. Qg3 Qf6 16. e5 Qg6 17. Ne4 Qxg3 18. Nxg3 O-O 19. f5 Na5 20. Ba4 Bc6 21. f6
g6 22. Bh6 Rfd8 23. Ne4 Bxe4 24. dxe4 d5 25. c3 Nd3 26. exd5 Rxd5 27. Bc2 c4
28. h4 Nf2+ 29. Rxf2 Bxf2 30. Be4 Rad8 31. Bxd5 Rxd5 32. Kh2 Bb6 33. Ra4 Rb5
34. Bc1 h5 35. Kg3 Kf8 36. Kf4 Bc7 37. Rb4 Rd5 38. Be3 Ke8 39. Bd4 Nc6 40. Rxc4
Kd7 41. Rc5 Na5 42. Rxd5+ exd5 43. Bc5 Nc6 44. b4 1/2-1/2

[Event "Offene Hessische Senioren Einzelmeisters"]
[Site "Bad Sooden- Allendorf"]
[Date "2013.04.23"]
[Round "4.95"]
[White "Garbe, Eckhard"]
[Black "Brahn, Helmut"]
[Result "1/2-1/2"]
[WhiteElo "1434"]
[BlackElo "1547"]
[PlyCount "55"]
[EventDate "2013.??.??"]
[WhiteTeam "SV Blau-Weiß Grevesmühlen"]
[BlackTeam "SG Springer Burghaun"]

1. d4 d5 2. Nf3 Nf6 3. e3 e6 4. c4 Nbd7 5. Nc3 a6 6. Bd3 Be7 7. O-O O-O 8. Qe2
Re8 9. Bd2 dxc4 10. Bxc4 b5 11. Bd3 Bb7 12. Rac1 Rc8 13. Rfe1 c5 14. dxc5 Nxc5
15. Bb1 b4 16. Nd1 Bc6 17. Nd4 Be4 18. Bxb4 Bxb1 19. Rxb1 e5 20. Nf3 Nd3 21.
Bxe7 Rxe7 22. Rf1 e4 23. Nd4 Rec7 24. Nc3 Nxb2 25. Qxb2 Rxc3 26. Rfc1 Rxc1+ 27.
Rxc1 Rxc1+ 28. Qxc1 1/2-1/2